000 00596nam a2200193Ia 4500
005 20250508164917.0
008 008 250505s9999 xx 000 0 hin d
037 _aDissertations
040 _aFEDL
_beng
_cFEDL
041 _ahin
_2eng
084 _a375.32, NEE/DI
_qFEDL
100 _aNeelam
245 0 _aRajniti-vigyan ki prakarti ke paripekshy mein rajniti vigyan ki shikshan-vidhiyon ka swaroop evam prasangikta
260 _c1999
300 _a123p.
546 _aM.Ed. Dissertation (Delhi University)
942 _cDIS
_h375.32, NEE/DI
999 _c1391962
_d1391962